[Event "SR 1. liga zapad 2012/2013"]
[Site "?"]
[Date "2013.02.24"]
[Round "9.5"]
[White "Barczi, Viktor"]
[Black "Sosovicka, Juraj"]
[Result "0-1"]
[WhiteElo "1997"]
[BlackElo "2089"]
[PlyCount "73"]
[EventDate "2012.??.??"]

1. e4 e5 2. Nf3 Nc6 3. Bb5 f5 4. exf5 e4 5. Qe2 Qe7 6. Bxc6 dxc6 7. Nd4 Nh6 8.
Qh5+ Qf7 9. Qxf7+ Kxf7 10. Nc3 Nxf5 11. Nxf5 Bxf5 12. O-O Bc5 13. Kh1 Rhe8 14.
h3 Rad8 15. f3 exf3 16. Rxf3 Re1+ 17. Kh2 Kg6 18. d3 Bd6+ 19. g3 Rde8 20. Rb1
Bb4 21. g4 Bc8 22. Kg3 Bxc3 23. bxc3 Rg1+ 24. Kh4 b6 25. a4 Ree1 26. Rf8 Be6
27. Re8 Kf7 28. Ra8 h6 29. Rxa7 g5+ 30. Kh5 Rxc1 31. Rxc7+ Kf6 32. Rxc1 Rxc1
33. Rxc6 Rh1 34. Rxe6+ Kxe6 35. Kxh6 Kf6 36. Kh7 Rxh3+ 37. Kg8 0-1

[Event "SR 1. liga zapad 2012/2013"]
[Site "?"]
[Date "2013.02.24"]
[Round "9.5"]
[White "Berek, Geza"]
[Black "Castiglione, Mario"]
[Result "1/2-1/2"]
[WhiteElo "2158"]
[BlackElo "2282"]
[PlyCount "111"]
[EventDate "2012.??.??"]

1. e4 e5 2. Nf3 Nc6 3. d4 exd4 4. Nxd4 Nf6 5. Nxc6 bxc6 6. e5 Qe7 7. Qe2 Nd5 8.
c4 Ba6 9. b3 O-O-O 10. g3 Re8 11. Bb2 Qb4+ 12. Qd2 Qb7 13. a3 Nb6 14. Be2 f6
15. O-O h5 16. exf6 gxf6 17. Bxf6 Bh6 18. f4 Rhf8 19. Bxh5 Re6 20. Bd4 Rd6 21.
Qf2 Bxf4 22. Bc5 Rd3 23. Qe2 Nd5 24. Qxd3 d6 25. gxf4 dxc5 26. Nd2 Kb8 27. Bg4
Rg8 28. h3 Qc8 29. Kh2 Qf8 30. Qf5 Nf6 31. Ne4 Nxg4+ 32. hxg4 Qd8 33. Qf6 Qd3
34. Nf2 Qf3 35. Qh4 Qxf4+ 36. Qg3 Qd4 37. Rad1 Qg7 38. Kg2 Bc8 39. Rfe1 Qb2 40.
Kf1 Rf8 41. Re7 Ka8 42. Qe3 Qc2 43. Rd2 Qb1+ 44. Kg2 Qg6 45. Re2 Kb7 46. Qe5
Ka6 47. b4 Bxg4 48. b5+ cxb5 49. cxb5+ Kxb5 50. Nxg4 Qxg4+ 51. Qg3 Qc4 52. R7e4
Qd5 53. Qe5 Qg8+ 54. Qg3 Qd5 55. Qe5 Qg8+ 56. Qg3 1/2-1/2

[Event "SR 1. liga zapad 2012/2013"]
[Site "?"]
[Date "2013.02.24"]
[Round "9.5"]
[White "Bona, Zoltan"]
[Black "Kovac, Andrej"]
[Result "0-1"]
[WhiteElo "1948"]
[BlackElo "2148"]
[PlyCount "78"]
[EventDate "2012.??.??"]

1. e4 e6 2. d4 d5 3. exd5 exd5 4. Nf3 Bd6 5. c4 dxc4 6. Bxc4 Nf6 7. O-O O-O 8.
Bg5 Nc6 9. Nbd2 Bg4 10. Qc2 Be7 11. Qd3 Nd5 12. Bxe7 Ncxe7 13. Qb3 Nb6 14. Bd3
Nc6 15. Qc3 Nd5 16. Qc2 h6 17. Be4 Nde7 18. Qc4 Be6 19. Qc3 Nd5 20. Qc5 Nce7
21. a3 c6 22. Rad1 Bf5 23. Rfe1 Re8 24. Bxf5 Nxf5 25. Rxe8+ Qxe8 26. Re1 Qf8
27. Qc2 Nd6 28. Qc5 Qd8 29. Ne5 Nf5 30. Ndf3 Qb6 31. b4 a5 32. Nc4 Qxc5 33.
bxc5 a4 34. g4 Nfe7 35. Nd6 Rb8 36. Ne5 b5 37. cxb6 Rxb6 38. Ndxf7 Rb3 39. Ra1
Nf4 0-1

[Event "SR 1. liga zapad 2012/2013"]
[Site "?"]
[Date "2013.02.24"]
[Round "9.5"]
[White "Dolnak, Michal"]
[Black "Kral, Klaudia"]
[Result "1-0"]
[WhiteElo "2115"]
[BlackElo "1871"]
[PlyCount "67"]
[EventDate "2012.??.??"]

1. d4 Nf6 2. c4 g6 3. Nc3 d5 4. cxd5 Nxd5 5. e4 Nxc3 6. bxc3 Bg7 7. Bb5+ Bd7 8.
Be2 c5 9. Nf3 Bg4 10. Rb1 Qc7 11. O-O Nc6 12. d5 Ne5 13. Nd2 h5 14. h3 Bxe2 15.
Qxe2 O-O 16. c4 e6 17. f4 Nd7 18. dxe6 fxe6 19. e5 Rad8 20. Qe4 Nb6 21. Qxg6
Qf7 22. Qxf7+ Rxf7 23. Ne4 Nxc4 24. Nxc5 Nd2 25. Nxe6 Rd3 26. Bxd2 Rxd2 27.
Nxg7 Rxg7 28. Rf2 Rd3 29. Kf1 b6 30. f5 Re3 31. Re1 Rxe1+ 32. Kxe1 Kf7 33. f6
Rg5 34. e6+ 1-0

[Event "SR 1. liga zapad 2012/2013"]
[Site "?"]
[Date "2013.02.24"]
[Round "9.5"]
[White "Hacik, Radomir"]
[Black "Urban, Gabor"]
[Result "1-0"]
[WhiteElo "2185"]
[BlackElo "1958"]
[PlyCount "55"]
[EventDate "2012.??.??"]

1. e4 c6 2. d4 d5 3. Nc3 dxe4 4. Nxe4 Bf5 5. Ng3 Bg6 6. Bc4 e6 7. N1e2 Nd7 8.
O-O Bd6 9. f4 Ne7 10. c3 Qc7 11. a4 h5 12. Bd3 Nf6 13. Bxg6 Nxg6 14. Qd3 O-O-O
15. b4 Nd5 16. b5 c5 17. b6 Nxb6 18. Ne4 Be7 19. Qh3 Qc6 20. Nxc5 Bxc5 21. dxc5
Nc4 22. f5 Nge5 23. Nd4 Qxc5 24. fxe6 Ng4 25. Rb1 fxe6 26. Rb5 Qe7 27. Bg5 Qd7
28. Rc5+ 1-0

[Event "SR 1. liga zapad 2012/2013"]
[Site "?"]
[Date "2013.02.24"]
[Round "9.5"]
[White "Havlicek, Libor"]
[Black "Szegi, Tamas"]
[Result "0-1"]
[WhiteElo "2299"]
[BlackElo "2228"]
[PlyCount "102"]
[EventDate "2012.??.??"]

1. d4 Nf6 2. c4 g6 3. Nc3 d5 4. Nf3 Bg7 5. g3 O-O 6. cxd5 Nxd5 7. Bg2 c5 8.
Nxd5 Qxd5 9. dxc5 Qxd1+ 10. Kxd1 Na6 11. c6 bxc6 12. Nd2 Nb4 13. a3 Nd5 14. Kc2
Ba6 15. e4 Nc7 16. Bf1 Bb5 17. Bxb5 cxb5 18. Nb3 Ne6 19. Be3 Rfc8+ 20. Kb1 a5
21. Rd1 a4 22. Nc1 Rc4 23. f3 Bd4 24. Bh6 Rac8 25. Nd3 Rc2 26. Rd2 Rxd2 27.
Bxd2 Bg1 28. Nb4 Nd4 29. Nd5 Kf8 30. Ka2 Bxh2 31. Bb4 Nc6 32. Be1 Bg1 33. Rd1
Bd4 34. Bc3 e5 35. f4 h5 36. Bxd4 exd4 37. Kb1 Rd8 38. Rc1 Na5 39. Rc7 d3 40.
Kc1 Nc4 41. Rc5 f5 42. exf5 d2+ 43. Kc2 gxf5 44. Rxb5 d1=Q+ 45. Kxd1 Rxd5+ 46.
Rxd5 Ne3+ 47. Kd2 Nxd5 48. Kd3 Ke7 49. Kc4 Nxf4 50. Kb5 Nd3 51. Kxa4 f4 0-1

[Event "SR 1. liga zapad 2012/2013"]
[Site "?"]
[Date "2013.02.24"]
[Round "9.6"]
[White "Borosova, Zuzana"]
[Black "Bezuch, Martin"]
[Result "0-1"]
[WhiteElo "2263"]
[BlackElo "2291"]
[PlyCount "68"]
[EventDate "2012.??.??"]

1. e4 g6 2. d4 Bg7 3. c4 d6 4. Nc3 Nf6 5. Nf3 O-O 6. h3 e5 7. d5 a5 8. Bg5 Qe8
9. g4 Kh8 10. Be2 Ng8 11. Qd2 Na6 12. O-O-O f5 13. gxf5 gxf5 14. exf5 Bxf5 15.
Nh4 Bd7 16. Bg4 Nc5 17. f3 Ba4 18. Rdg1 Bf6 19. Ne4 Nxe4 20. fxe4 Bxg5 21. Qxg5
Qe7 22. Be6 Rf1+ 23. Kd2 Qxg5+ 24. Rxg5 Rxh1 25. b3 Nf6 26. Rf5 Nxe4+ 27. Kc2
Rh2+ 28. Kc1 Rxh3 29. Rh5 Rc3+ 30. Kb2 Be8 31. Rh6 Re3 32. Kc2 Bg6 33. Nxg6+
Kg7 34. Nh4 Rc3+ 0-1

[Event "SR 1. liga zapad 2012/2013"]
[Site "?"]
[Date "2013.02.24"]
[Round "9.6"]
[White "Bottyan, Peter"]
[Black "Ruckschloss, Karol"]
[Result "0-1"]
[WhiteElo "2262"]
[BlackElo "2242"]
[PlyCount "68"]
[EventDate "2012.??.??"]

1. d4 f5 2. Nc3 Nf6 3. Bg5 c6 4. Bxf6 exf6 5. e3 d5 6. Bd3 Bd6 7. Qf3 g6 8.
Nge2 Be6 9. h3 h5 10. g4 hxg4 11. hxg4 Rxh1+ 12. Qxh1 fxg4 13. Bxg6+ Kd7 14. e4
Qg8 15. exd5 cxd5 16. Bd3 Nc6 17. O-O-O Qg5+ 18. Kb1 Rg8 19. Rg1 Ne7 20. Nb5
Bb8 21. f4 Bxf4 22. c4 g3 23. cxd5 Bxd5 24. Qh3+ Kd8 25. Nbc3 Bd6 26. Nxd5 Qxd5
27. Nc3 Qxd4 28. Rd1 g2 29. Bb5 Qxd1+ 30. Nxd1 f5 31. Qh6 Rg6 32. Qh8+ Kc7 33.
Qc3+ Nc6 34. Bxc6 bxc6 0-1

[Event "SR 1. liga zapad 2012/2013"]
[Site "?"]
[Date "2013.02.24"]
[Round "9.6"]
[White "Hudec, Jan"]
[Black "Hegedus, Roland"]
[Result "0-1"]
[WhiteElo "2008"]
[BlackElo "2007"]
[PlyCount "70"]
[EventDate "2012.??.??"]

1. d4 Nf6 2. c4 g6 3. Nc3 Bg7 4. e4 O-O 5. Nge2 d6 6. Bg5 h6 7. Be3 Nbd7 8. f3
c6 9. Qd2 Kh7 10. g4 Ne8 11. Ng3 Qa5 12. O-O-O a6 13. Kb1 b5 14. h4 Nb6 15. e5
dxe5 16. h5 g5 17. Qd3+ Kh8 18. c5 Na4 19. Nxa4 Qxa4 20. b3 Qb4 21. Qe4 Be6 22.
Kb2 Bd5 23. Qd3 exd4 24. Bd2 Qxc5 25. Rc1 Qd6 26. Nf5 Qf6 27. Bb4 Nd6 28. Bc5
Nxf5 29. gxf5 g4 30. Re1 Rfe8 31. Re4 Bxe4 32. fxe4 e6 33. fxe6 Rxe6 34. Be2
Qf2 35. Rf1 Qxe2+ 0-1

[Event "SR 1. liga zapad 2012/2013"]
[Site "?"]
[Date "2013.02.24"]
[Round "9.6"]
[White "Kolcak, Marek"]
[Black "Edes, Zsofia"]
[Result "1/2-1/2"]
[WhiteElo "2167"]
[BlackElo "2044"]
[PlyCount "86"]
[EventDate "2012.??.??"]

1. e4 g6 2. d4 d6 3. Nc3 Bg7 4. Bc4 Nf6 5. Qe2 Nc6 6. Nf3 Bg4 7. Be3 O-O 8. h3
Bxf3 9. Qxf3 e5 10. d5 Nd4 11. Qd1 c6 12. O-O b5 13. Bd3 b4 14. Ne2 Nxe2+ 15.
Qxe2 cxd5 16. exd5 Nxd5 17. Bd2 Rb8 18. Rfd1 Ne7 19. c3 bxc3 20. Bxc3 Nd5 21.
Be4 Nxc3 22. bxc3 f5 23. Bd5+ Kh8 24. Qa6 Qb6 25. Qxb6 Rxb6 26. Rab1 Rfb8 27.
Rb3 Rxb3 28. axb3 e4 29. Ra1 Bxc3 30. Rxa7 Rb5 31. Ra8+ Kg7 32. Ra7+ Kh6 33.
Bg8 Bg7 34. g4 fxg4 35. hxg4 Bd4 36. Rxh7+ Kg5 37. Be6 Rc5 38. Rf7 Rc1+ 39. Kg2
Rc2 40. Kf1 Rc1+ 41. Ke2 Rc2+ 42. Kf1 Rc1+ 43. Ke2 Rc2+ 1/2-1/2

[Event "SR 1. liga zapad 2012/2013"]
[Site "?"]
[Date "2013.02.24"]
[Round "9.6"]
[White "Molnar, Erno"]
[Black "Sturc, Jan"]
[Result "1-0"]
[WhiteElo "1947"]
[BlackElo "2005"]
[PlyCount "71"]
[EventDate "2012.??.??"]

1. e4 c5 2. Nf3 d6 3. d4 Nf6 4. Nc3 cxd4 5. Nxd4 Nc6 6. Be3 e5 7. Nb3 Be6 8.
Be2 d5 9. exd5 Nxd5 10. Nxd5 Qxd5 11. O-O O-O-O 12. Bf3 e4 13. Qxd5 Bxd5 14.
Bg4+ Kc7 15. Rfd1 Be7 16. Nd4 Nxd4 17. Bxd4 f6 18. c4 Bc6 19. Bc3 Rxd1+ 20.
Rxd1 Rd8 21. Rxd8 Kxd8 22. b4 Ba4 23. Bf5 Bc2 24. Bxh7 a5 25. a3 Kc7 26. f3 Bb3
27. Bxe4 Bxc4 28. Kf2 Bd6 29. g3 Be6 30. h4 f5 31. Bd3 Kc6 32. Bxg7 axb4 33.
axb4 Bxb4 34. h5 Bc5+ 35. Kg2 Bf7 36. h6 1-0

[Event "SR 1. liga zapad 2012/2013"]
[Site "?"]
[Date "2013.02.24"]
[Round "9.6"]
[White "Privara, Igor"]
[Black "Kukel, Imre 1985"]
[Result "0-1"]
[WhiteElo "2278"]
[BlackElo "2260"]
[PlyCount "60"]
[EventDate "2012.??.??"]

1. e4 c5 2. c3 d5 3. exd5 Qxd5 4. d4 Nf6 5. Nf3 Nc6 6. dxc5 Qxd1+ 7. Kxd1 Bf5
8. Bb5 O-O-O+ 9. Ke2 e5 10. b4 Be7 11. Rd1 Nd5 12. Bc4 Ndxb4 13. cxb4 e4 14.
Ne1 Bf6 15. Nc2 Bg4+ 16. f3 exf3+ 17. gxf3 Bxf3+ 18. Kxf3 Rxd1 19. Nc3 Bxc3 20.
Rb1 Bd2 21. Bxd2 Rxb1 22. Bc3 f6 23. Be6+ Kd8 24. Na3 Rh1 25. b5 Ne5+ 26. Kg2
Rc1 27. Ba5+ Ke7 28. Bd5 Rxc5 29. Bxb7 Ke6 30. Bd2 Rd8 0-1

[Event "SR 1. liga zapad 2012/2013"]
[Site "?"]
[Date "2013.02.24"]
[Round "9.6"]
[White "Voros, Gellert"]
[Black "Sulek, Viliam"]
[Result "1-0"]
[WhiteElo "2042"]
[BlackElo "2062"]
[PlyCount "33"]
[EventDate "2012.??.??"]

1. e4 c5 2. c3 d5 3. exd5 Qxd5 4. d4 Nf6 5. Nf3 Bg4 6. Be2 e6 7. O-O Nc6 8. h3
Bh5 9. Be3 cxd4 10. cxd4 Be7 11. Nc3 Qa5 12. a3 O-O 13. b4 Qd8 14. Qb3 Rc8 15.
Rac1 Bd6 16. Rfd1 Ne7 17. Bg5 1-0

[Event "SR 1. liga zapad 2012/2013"]
[Site "?"]
[Date "2013.02.24"]
[Round "9.6"]
[White "Zetocha, Claudiu"]
[Black "Bagi, Mate"]
[Result "1-0"]
[WhiteElo "2360"]
[BlackElo "2349"]
[PlyCount "75"]
[EventDate "2012.??.??"]

1. Nf3 Nf6 2. c4 g6 3. b3 Bg7 4. Bb2 O-O 5. Qc2 d6 6. d3 c5 7. e3 Nc6 8. a3 e5
9. Be2 Bf5 10. Nc3 a6 11. O-O Rb8 12. Nd2 b5 13. Bf3 Qd7 14. Rab1 Rfc8 15. Bxc6
Qxc6 16. e4 Be6 17. a4 b4 18. Nd5 Qd7 19. f4 Ng4 20. h3 Bxd5 21. hxg4 Bc6 22.
f5 Qe7 23. Nf3 gxf5 24. gxf5 Bh6 25. Kf2 f6 26. Rh1 Qg7 27. Rh3 Rb7 28. Rbh1
Bg5 29. Nxg5 fxg5 30. Rh6 Rd8 31. Qd2 Kh8 32. g4 Rbd7 33. Qe3 Rg8 34. Kg3 Bb7
35. Bc1 Bc6 36. Rg6 Qxg6 37. fxg6 Rxg6 38. Qf3 1-0

[Event "SR 1. liga zapad 2012/2013"]
[Site "?"]
[Date "2013.03.23"]
[Round "10.1"]
[White "Balogh, Peter"]
[Black "Srna, Jan"]
[Result "1-0"]
[WhiteElo "2013"]
[BlackElo "1984"]
[PlyCount "69"]
[EventDate "2012.??.??"]

1. e4 e6 2. d4 d5 3. Nc3 Bb4 4. e5 c5 5. a3 Ba5 6. b4 cxd4 7. Nb5 Bc7 8. f4 Nc6
9. Nf3 Nh6 10. Bd3 Bd7 11. O-O Nf5 12. Bxf5 exf5 13. Kh1 O-O 14. Nbxd4 Be6 15.
Be3 a6 16. Nxc6 bxc6 17. Bc5 Re8 18. Nd4 Qd7 19. Qh5 a5 20. Rae1 axb4 21. axb4
Ra6 22. g4 g6 23. Qh6 Bb6 24. Re3 Bxc5 25. bxc5 Ra7 26. g5 Re7 27. Rh3 f6 28.
exf6 Rf7 29. Re3 Ra4 30. Rb1 Qc8 31. Nxe6 d4 32. Reb3 Ra8 33. Nxd4 Qd8 34. Nf3
Rc8 35. Rd3 1-0

[Event "SR 1. liga zapad 2012/2013"]
[Site "?"]
[Date "2013.03.23"]
[Round "10.1"]
[White "Borosova, Zuzana"]
[Black "Gabris, Ondrej"]
[Result "1-0"]
[WhiteElo "2263"]
[BlackElo "2206"]
[PlyCount "97"]
[EventDate "2012.??.??"]

1. e4 d5 2. exd5 Nf6 3. Nf3 Qxd5 4. Nc3 Qh5 5. Be2 Bg4 6. O-O Nc6 7. h3 Bd7 8.
b4 Nxb4 9. Rb1 Qa5 10. a3 Nbd5 11. Nxd5 Qxd5 12. c4 Qa5 13. d4 Rb8 14. Ne5 Ba4
15. Qd3 Nd7 16. f4 e6 17. Qe3 Nxe5 18. fxe5 c6 19. Qf4 Qc7 20. Bh5 g6 21. Qf6
Rg8 22. Be2 Bc2 23. Ra1 Rd8 24. Bb2 h5 25. Kh1 Bf5 26. Qg5 Qe7 27. Qg3 Rh8 28.
d5 h4 29. Qb3 Qc7 30. d6 Qb6 31. Qc3 Qc5 32. Qd2 Bh6 33. Qd1 Be3 34. a4 Rd7 35.
Ra3 Qb4 36. Qa1 Qd2 37. Bf3 Bc5 38. Bc3 Qd3 39. Bb4 Qxc4 40. Bxc5 Qxc5 41. Rb3
Qc4 42. Rb2 Kf8 43. a5 Qc3 44. a6 b6 45. Rxb6 Qxa1 46. Rxa1 axb6 47. a7 Kg7 48.
a8=Q Rxa8 49. Rxa8 1-0

[Event "SR 1. liga zapad 2012/2013"]
[Site "?"]
[Date "2013.03.23"]
[Round "10.1"]
[White "Bottyan, Peter"]
[Black "Varholakova, Niki"]
[Result "0-1"]
[WhiteElo "2262"]
[BlackElo "2200"]
[PlyCount "60"]
[EventDate "2012.??.??"]

1. d4 d5 2. Bf4 c6 3. e3 Nf6 4. Nd2 Bf5 5. Ngf3 e6 6. Ne5 Nbd7 7. g4 Bg6 8. h4
h6 9. Nxg6 fxg6 10. Bd3 Qa5 11. Bxg6+ Kd8 12. c3 Qb6 13. Rb1 c5 14. Qf3 Bd6 15.
g5 Ng8 16. Bf7 Bxf4 17. Qxf4 Ne7 18. g6 Rc8 19. O-O e5 20. Qg3 cxd4 21. e4 dxe4
22. Nxe4 Rc6 23. h5 Qa6 24. Rfe1 Nf5 25. Qg4 Nd6 26. Bd5 Nxe4 27. Qxe4 Rf6 28.
Bf7 Rf4 29. Qd5 Rg4+ 30. Kh2 Qf6 0-1

[Event "SR 1. liga zapad 2012/2013"]
[Site "?"]
[Date "2013.03.23"]
[Round "10.1"]
[White "Edes, Zsofia"]
[Black "Hartl, Jan"]
[Result "1/2-1/2"]
[WhiteElo "2044"]
[BlackElo "2133"]
[PlyCount "103"]
[EventDate "2012.??.??"]

1. d4 d5 2. c4 e5 3. dxe5 d4 4. Nf3 Nc6 5. g3 Bg4 6. Bg2 Qd7 7. Qb3 O-O-O 8.
Bd2 Nge7 9. Na3 Ng6 10. Nb5 Bc5 11. O-O a6 12. Rac1 Bh3 13. Bh1 Bxf1 14. Kxf1
h6 15. Qa4 Rhe8 16. b4 Bb6 17. c5 axb5 18. Qa8+ Nb8 19. cxb6 c6 20. Ne1 Nxe5
21. Nd3 Nxd3 22. exd3 g5 23. a4 bxa4 24. b5 Re6 25. bxc6 bxc6 26. Be4 Rxe4 27.
dxe4 Qb7 28. Qa5 Qa6+ 29. Qxa6+ Nxa6 30. Rxc6+ Kb7 31. Rc4 Kxb6 32. Rxa4 Nc5
33. Ba5+ Kb5 34. Bxd8 Nxa4 35. Ke2 Kc4 36. f3 d3+ 37. Kd2 Nc5 38. h4 g4 39.
fxg4 Nxe4+ 40. Kd1 Nxg3 41. h5 f6 42. g5 fxg5 43. Bxg5 Nf5 44. Bd2 Kd5 45. Ke1
Kd4 46. Kf2 Ke4 47. Bc1 Ng7 48. Bxh6 Nxh5 49. Bc1 Nf6 50. Bd2 Ng4+ 51. Kf1 Ne3+
52. Bxe3 1/2-1/2

[Event "SR 1. liga zapad 2012/2013"]
[Site "?"]
[Date "2013.03.23"]
[Round "10.1"]
[White "Gazi, Mikulas"]
[Black "Voros, Gellert"]
[Result "1-0"]
[WhiteElo "2103"]
[BlackElo "2042"]
[PlyCount "93"]
[EventDate "2012.??.??"]

1. e4 e5 2. Nf3 Nc6 3. Bb5 a6 4. Ba4 Nf6 5. d4 Nxe4 6. dxe5 Nc5 7. c4 Nxa4 8.
Qxa4 Bb4+ 9. Nc3 Bxc3+ 10. bxc3 O-O 11. O-O h6 12. Re1 b6 13. Rb1 Bb7 14. c5 b5
15. Qg4 f5 16. Qh3 Na5 17. Nd4 Be4 18. Rb2 Qe7 19. f3 Bb7 20. Rbe2 Qxc5 21.
Bxh6 gxh6 22. Qxh6 Qe7 23. Nxf5 Qh7 24. Qg5+ Kh8 25. Ne7 Rg8 26. Qf6+ Rg7 27.
Re4 Bxe4 28. Rxe4 Re8 29. Nf5 Kg8 30. Nxg7 Rf8 31. Qe7 Rf7 32. Qe8+ Rf8 33.
Qxd7 Nc4 34. Rg4 Qb1+ 35. Kf2 Qc2+ 36. Kg3 Ne3 37. Qe6+ Rf7 38. Nf5+ Nxg4 39.
fxg4 Qd3+ 40. Kh4 Qd2 41. Nh6+ Qxh6+ 42. Qxh6 Rh7 43. g5 c5 44. Kg4 Rxh6 45.
gxh6 b4 46. cxb4 c4 47. Kf3 1-0

[Event "SR 1. liga zapad 2012/2013"]
[Site "?"]
[Date "2013.03.23"]
[Round "10.1"]
[White "Janos, Ivan"]
[Black "Baranek, Jozef"]
[Result "0-1"]
[WhiteElo "2145"]
[BlackElo "2131"]
[PlyCount "86"]
[EventDate "2012.??.??"]

1. e4 c5 2. Nf3 a6 3. c3 d5 4. exd5 Qxd5 5. d4 Nf6 6. Be2 e6 7. O-O Be7 8. Nbd2
O-O 9. Nc4 Qd8 10. a4 Nc6 11. a5 cxd4 12. cxd4 Nd5 13. Nfe5 Bd7 14. Bd3 Nxe5
15. dxe5 Bb5 16. Qg4 g6 17. Rd1 Qc7 18. Bh6 Rfd8 19. Nd6 Bxd6 20. exd6 Qxd6 21.
Ra3 Qe5 22. Bxb5 axb5 23. Rad3 Qxb2 24. Bg5 Re8 25. h4 Rxa5 26. h5 Ra1 27. h6
Rxd1+ 28. Rxd1 Qe5 29. Bd2 Qh5 30. Qxh5 gxh5 31. Rb1 f5 32. Rxb5 b6 33. Kh2 Kf7
34. Bc1 Kg6 35. g3 Rc8 36. Bf4 Rc4 37. Be5 Rb4 38. Rxb4 Nxb4 39. Kg2 Kxh6 40.
Kf3 Nd5 41. Ke2 Kg5 42. Kd3 h4 43. gxh4+ Kxh4 0-1

[Event "SR 1. liga zapad 2012/2013"]
[Site "?"]
[Date "2013.03.23"]
[Round "10.1"]
[White "Klemanic, Emil"]
[Black "Kukel, Imre 1985"]
[Result "1-0"]
[WhiteElo "2209"]
[BlackElo "2260"]
[PlyCount "61"]
[EventDate "2012.??.??"]

1. e4 c5 2. Nc3 Nc6 3. g3 g6 4. Bg2 Bg7 5. d3 d6 6. f4 e6 7. Nf3 Nge7 8. O-O
O-O 9. Be3 Nd4 10. Rb1 d5 11. Ne2 Nxf3+ 12. Bxf3 d4 13. Bf2 e5 14. c4 Nc6 15.
Be1 Qd6 16. f5 Bh6 17. g4 Rb8 18. Bd2 Bxd2 19. Qxd2 Kg7 20. Ng3 Bd7 21. Bd1 f6
22. h4 a6 23. Rf2 b5 24. Bb3 Ne7 25. Rbf1 a5 26. cxb5 Bxb5 27. g5 a4 28. fxg6
axb3 29. gxf6+ Rxf6 30. Rxf6 Qxf6 31. Nh5+ 1-0

[Event "SR 1. liga zapad 2012/2013"]
[Site "?"]
[Date "2013.03.23"]
[Round "10.1"]
[White "Tibensky, Robert"]
[Black "Bagi, Mate"]
[Result "1/2-1/2"]
[WhiteElo "2396"]
[BlackElo "2349"]
[PlyCount "63"]
[EventDate "2012.??.??"]

1. d4 Nf6 2. c4 g6 3. Nc3 d5 4. cxd5 Nxd5 5. e4 Nxc3 6. bxc3 Bg7 7. Nf3 c5 8.
Be3 Qa5 9. Qd2 O-O 10. Rb1 b6 11. Rc1 Bg4 12. d5 Bxf3 13. gxf3 e6 14. c4 Qxd2+
15. Kxd2 Nd7 16. a4 Rad8 17. a5 exd5 18. exd5 Be5 19. Bd3 f5 20. f4 Bc7 21. Ra1
Rb8 22. Kc2 Kf7 23. Ra3 Rfc8 24. h4 h5 25. Kd2 Bd8 26. Ke2 Nf6 27. Kf3 Ne8 28.
Bd2 Bf6 29. Rb3 Nd6 30. Be3 Bd8 31. Bd2 Bf6 32. Be3 1/2-1/2

[Event "SR 1. liga zapad 2012/2013"]
[Site "?"]
[Date "2013.03.23"]
[Round "10.2"]
[White "Berek, Geza"]
[Black "Vlcek, Stanislav"]
[Result "1/2-1/2"]
[WhiteElo "2158"]
[BlackElo "2292"]
[PlyCount "76"]
[EventDate "2012.??.??"]

1. e4 c5 2. Nf3 d6 3. d4 cxd4 4. Nxd4 Nf6 5. Nc3 a6 6. Be3 e6 7. f3 b5 8. Qd2
Nbd7 9. g4 Nb6 10. a4 Nc4 11. Bxc4 bxc4 12. a5 Bb7 13. Na4 Rc8 14. Qc3 Nd7 15.
O-O-O Be7 16. h4 Bxh4 17. Qb4 Rb8 18. Qxd6 Be7 19. Nc6 Bxc6 20. Qxc6 Qc8 21.
Qxc8+ Rxc8 22. Rxd7 Kxd7 23. Nb6+ Kc7 24. Nxc8 Kxc8 25. Bd4 Bg5+ 26. Kb1 f6 27.
Ka2 Bf4 28. Bb6 Be5 29. Be3 Kb7 30. Rd1 Kc6 31. f4 Bc7 32. Rd4 Bxa5 33. Rxc4+
Kb7 34. Ra4 Bc7 35. Rb4+ Kc6 36. Rc4+ Kb7 37. Rb4+ Kc6 38. Rc4+ Kb7 1/2-1/2

[Event "SR 1. liga zapad 2012/2013"]
[Site "?"]
[Date "2013.03.23"]
[Round "10.2"]
[White "Darazs, Zoltan"]
[Black "Danada, Tomas"]
[Result "1-0"]
[WhiteElo "2124"]
[BlackElo "2098"]
[PlyCount "109"]
[EventDate "2012.??.??"]

1. e4 g6 2. d4 Bg7 3. Nc3 d6 4. Nf3 a6 5. Be2 b5 6. a4 b4 7. Nd5 a5 8. c3 e6 9.
Ne3 Bb7 10. e5 dxe5 11. Nxe5 Nd7 12. Nxd7 Qxd7 13. O-O Ne7 14. Bf3 Bxf3 15.
Qxf3 O-O 16. Ng4 Nf5 17. Ne5 Qd5 18. Qxd5 exd5 19. Bf4 Rfe8 20. g4 Nd6 21. cxb4
axb4 22. b3 c5 23. dxc5 Bxe5 24. Bxe5 Rxe5 25. cxd6 Rd8 26. Rfd1 Rxd6 27. Rd4
Re4 28. Rad1 Rde6 29. Rxe4 Rxe4 30. Rxd5 Rxg4+ 31. Kf1 Re4 32. a5 Kg7 33. a6
Re7 34. Ra5 Ra7 35. Ke2 Kf6 36. Kd3 Ke6 37. Kc4 Kd6 38. Kb5 Kc7 39. Ra4 Ra8 40.
Ka5 Rb8 41. a7 Re8 42. Kxb4 Kb7 43. Kc5 f5 44. a8=Q+ Rxa8 45. Rxa8 Kxa8 46. Kd5
g5 47. Ke5 f4 48. Kf5 h6 49. h3 Kb7 50. Kg6 Kc6 51. Kxh6 Kd5 52. Kxg5 Ke4 53.
Kg4 f3 54. h4 Kd3 55. Kxf3 1-0

[Event "SR 1. liga zapad 2012/2013"]
[Site "?"]
[Date "2013.03.23"]
[Round "10.2"]
[White "Hajek, Lukas"]
[Black "Dolnik, Attila"]
[Result "1-0"]
[WhiteElo "2155"]
[BlackElo "2156"]
[PlyCount "65"]
[EventDate "2012.??.??"]

1. d4 Nf6 2. c4 e6 3. Nc3 Bb4 4. Qc2 d5 5. cxd5 Bxc3+ 6. bxc3 exd5 7. Ba3 Be6
8. e3 Nbd7 9. Bd3 c5 10. Ne2 O-O 11. O-O Qc7 12. Nf4 Rfe8 13. Rab1 b6 14. Rfc1
Rac8 15. Nxe6 fxe6 16. c4 Kh8 17. cxd5 exd5 18. Ba6 Rb8 19. dxc5 bxc5 20. Rxb8
Qxb8 21. Bxc5 Ng4 22. g3 h6 23. Bd4 Rf8 24. Qg6 Nde5 25. Bxe5 Nxe5 26. Qc2 Nf3+
27. Kg2 d4 28. Qc8 Qb4 29. Qxf8+ Qxf8 30. Rc8 Qxc8 31. Bxc8 Ne1+ 32. Kf1 Nf3
33. Ke2 1-0

[Event "SR 1. liga zapad 2012/2013"]
[Site "?"]
[Date "2013.03.23"]
[Round "10.2"]
[White "Krajnak, Robert"]
[Black "Kral, Klaudia"]
[Result "1/2-1/2"]
[WhiteElo "2075"]
[BlackElo "1871"]
[PlyCount "70"]
[EventDate "2012.??.??"]

1. c4 e5 2. Nc3 Nf6 3. d3 Nc6 4. Nf3 d5 5. cxd5 Nxd5 6. e3 Be6 7. Be2 Be7 8.
Bd2 O-O 9. O-O f5 10. a3 Kh8 11. b4 a6 12. Qc2 Nb6 13. Rfd1 Qe8 14. Be1 Qg6 15.
d4 e4 16. Nd2 Bd6 17. f4 exf3 18. Nxf3 Nd5 19. Bf2 Rae8 20. b5 axb5 21. Nxb5
Bc8 22. Nxd6 Qxd6 23. Qd3 Qh6 24. Re1 Nxe3 25. Ne5 Nxe5 26. Qxe3 Qxe3 27. Bxe3
Nc6 28. Bb5 Bd7 29. Bf4 Re4 30. Rxe4 fxe4 31. Bxc7 Rf5 32. a4 Rd5 33. Rf1 h6
34. Bxc6 Bxc6 35. Rf7 Rd7 1/2-1/2

[Event "SR 1. liga zapad 2012/2013"]
[Site "?"]
[Date "2013.03.23"]
[Round "10.2"]
[White "Novak, Ivan"]
[Black "Barczi, Tibor"]
[Result "1-0"]
[WhiteElo "2193"]
[BlackElo "2070"]
[PlyCount "95"]
[EventDate "2012.??.??"]

1. e4 e6 2. d4 d5 3. Bd3 Nf6 4. e5 Nfd7 5. Nf3 c5 6. c3 Nc6 7. O-O cxd4 8. cxd4
Qb6 9. Bc2 Nb4 10. Ba4 Be7 11. Nc3 a6 12. Ne2 O-O 13. Nf4 Qa7 14. a3 Nc6 15.
Bc2 Re8 16. Nh5 f6 17. exf6 Nxf6 18. Qd3 g6 19. Ng3 b5 20. h4 Bd6 21. Ne2 b4
22. Bf4 Be7 23. Ng3 Bd8 24. Rac1 bxa3 25. bxa3 Na5 26. Ne5 Bb6 27. Rcd1 Qg7 28.
Rb1 Bd8 29. Ba4 Re7 30. Qe3 Rb7 31. Bh6 Qc7 32. Rbc1 Qb6 33. h5 Nd7 34. hxg6
Nxe5 35. Qxe5 hxg6 36. Qf4 Rf7 37. Qg4 e5 38. Rxc8 Rxc8 39. Qxc8 Kh7 40. Be3
exd4 41. Bd2 Nc4 42. Bb4 Bc7 43. Be8 Rf4 44. Qd7+ Kh8 45. Bxg6 Qxg6 46. Qxc7
Rf7 47. Qd8+ Kh7 48. Qxd5 1-0

[Event "SR 1. liga zapad 2012/2013"]
[Site "?"]
[Date "2013.03.23"]
[Round "10.2"]
[White "Schwarz, Dusan"]
[Black "Szegi, Tamas"]
[Result "1-0"]
[WhiteElo "2305"]
[BlackElo "2228"]
[PlyCount "45"]
[EventDate "2012.??.??"]

1. d4 Nf6 2. c4 g6 3. Nc3 Bg7 4. e4 d6 5. f3 O-O 6. Nge2 a6 7. Be3 Nc6 8. Qd2
Rb8 9. Rc1 Bd7 10. Nd1 b5 11. c5 dxc5 12. Rxc5 e5 13. dxe5 Nh5 14. g4 Nxe5 15.
Rxe5 Bxe5 16. gxh5 Qh4+ 17. Bf2 Qxh5 18. f4 Qf3 19. Rg1 Rbd8 20. fxe5 Qxe4 21.
Qd4 Qb1 22. Bh4 f6 23. Bxf6 1-0